Memoria de los trabajos realizados durante el año 1902 presentada por la Junta Directiva a la Asamblea General Ordinaria celebrada el día 10 de enero de 1903 / (Record no. 23716)

MARC details
000 -LEADER
campo de control de longitud fija 00795nam a2200193 i 4500
001 - NÚMERO DE CONTROL
campo de control 23716
003 - IDENTIFICADOR DE NÚMERO DE CONTROL
campo de control ES-MaACL
005 - FECHA Y HORA DE LA ÚLTIMA TRANSACCIÓN
campo de control 20250925163309.0
007 - CAMPO FIJO DE DESCRIPCIÓN FÍSICA--INFORMACIÓN GENERAL
campo de control de longitud fija t|
008 - DATOS DE LONGITUD FIJA--INFORMACIÓN GENERAL
campo de control de longitud fija 021212s1903 sp ||||1| spa d
110 2# - ENTRADA PRINCIPAL--NOMBRE DE ENTIDAD CORPORATIVA
Nombre de entidad corporativa o nombre de jurisdicción como elemento de entrada Cámara Oficial de Comercio, Industria y Navegación de Barcelona.
9 (RLIN) 2390
245 10 - MENCIÓN DEL TÍTULO
Título Memoria de los trabajos realizados durante el año 1902 presentada por la Junta Directiva a la Asamblea General Ordinaria celebrada el día 10 de enero de 1903 /
Mención de responsabilidad, etc. [Bartolomé Amengual].
260 ## - PUBLICACIÓN, DISTRIBUCIÓN, ETC.
Lugar de publicación, distribución, etc. Barcelona :
Nombre del editor, distribuidor, etc. [s.n.],
Fecha de publicación, distribución, etc. 1903 (
Fabricante Henrich y Cª)
300 ## - DESCRIPCIÓN FÍSICA
Extensión 29 p. ;
Dimensiones 27 cm.
610 24 - PUNTO DE ACCESO ADICIONAL DE MATERIA--NOMBRE DE ENTIDAD CORPORATIVA
Nombre de entidad corporativa o nombre de jurisdicción como elemento de entrada Cámara Oficial de Comercio y Navegación de Barcelona-
Subdivisión de forma Memorias.
9 (RLIN) 170329
700 1# - ENTRADA AGREGADA--NOMBRE PERSONAL
Nombre de persona Amengual, Bartolomé,
Fechas asociadas al nombre 1866-1961
9 (RLIN) 21197
852 ## - LOCALIZACIÓN
Ubicación ES-MaACL
Número de control de estantería T-1024-F-8
Holdings
Estatus retirado Estado de pérdida Estado de daño No para préstamo Colección Biblioteca de origen Biblioteca actual Ubicación en estantería Fecha de adquisición Fuente de adquisición Total de préstamos Signatura topográfica completa Código de barras Visto por última vez Precio de reemplazo Tipo de ítem Koha
        Colección de folletos Biblioteca del Ateneo de Madrid Biblioteca del Ateneo de Madrid Depósito folletos 17/01/2008     T-1024-F-8 1024440 23/02/2023 23/02/2023 Folleto